Normal view
MARC view
- PRITTY S.BABU (Guide)
Entry Personal Name
001 - CONTROL NUMBER
- control field: 5488
003 - CONTROL NUMBER IDENTIFIER
- control field: OSt
005 - DATE AND TIME OF LATEST TRANSACTION
- control field: 20230624114852.0
008 - FIXED-LENGTH DATA ELEMENTS
- fixed length control field: 230624|| aca||aabn | a|a d
040 ## - CATALOGING SOURCE
- Original cataloging agency: OSt
- Transcribing agency: OSt
100 ## - HEADING--PERSONAL NAME
- Personal name: PRITTY S.BABU (Guide)
670 ## - SOURCE DATA FOUND
- Source citation: Work cat.: (OSt)17714: AKIL MOHAN ANAGHA VP SANDHRA J.PREM SREESHMA 5487, DEVELOPMENT OF TENDER JACKFRUIT FLOUR BASED PASTA, 2023
